Ética

Zapisane w:
Opis bibliograficzny
1. autor: Rodríguez Duplá, Leonardo (Autor)
Format: Książka
Język:hiszpański
Wydane: Madrid BAC 2001
Wydanie:1a. ed
Seria:Sapientia Rerum Serie de Manuales de Filosofía, 1
Hasła przedmiotowe:
Etykiety: Dodaj etykietę
Nie ma etykietki, Dołącz pierwszą etykiete!

MARC

LEADER 00000nam a2200000 a 4500
001 UCH2910
003 CL-VaPUC
008 090702e20010900SP |||||||||||||||||spa|d
020 |a 8479145951 
082 0 4 |a 170  |b ROD  |2 21 
100 0 |a Rodríguez Duplá, Leonardo  |e author  |9 537981 
245 1 0 |a Ética 
250 |a 1a. ed 
300 |a 289 p 
942 |c BK 
945 |d 20090702 00:00:00  |a dcastane 
260 |a Madrid  |b BAC  |c 2001 
650 0 |a Ética  |9 255099 
650 7 |a CONDUCTA ETICA  |2 CL-VaPUC  |9 256932 
650 0 |a Valores éticos   |9 416142 
583 |a last modification  |c 20090702 00:00:00  |k Rodrigo Vera 
490 0 |a Sapientia Rerum Serie de Manuales de Filosofía, 1 
999 |c 334571  |d 334569 
952 |0 0  |1 0  |4 0  |6 170_000000000000000_ROD_2001  |7 0  |8 A  |9 423677  |a BIBTEO  |b BIBTEO  |d 2019-11-22  |i 4569113  |l 4  |m 3  |o 170 ROD 2001  |p 4569113  |r 2025-01-17  |s 2023-03-31  |w 2019-11-22  |y BK  |k ICR 
952 |0 0  |1 0  |4 0  |6 170_000000000000000_ROD_2001  |7 0  |8 A  |9 423678  |a BIBTEO  |b BIBTEO  |d 2019-11-22  |i 4569121  |o 170 ROD 2001  |p 4569121  |r 2025-01-17  |w 2019-11-22  |y BK  |k ICR